000
00337nam a2200133Ia 4500
008
240624s9999 xx 000 0 und d
041
_a
eng
082
_a
658.3125 IIG
100
_a
ILGEN DANIEL R
245
_a
CHANGING NATURE OF PERFORMANCE IMPLICATI
260
_c
1999
_a
San Francisco
_b
Pfeiffer
300
_a
452 : p.
365
_c
_b
32
999
_c
18069
_d
18069